00344nam a2200121Ia 4500008004100000020001500041041001200056100001400068245008700082260003300169300000800202650001200210221030s9999 xx 000 0 und d a8178091941 aEnglish aZ. Ziglar 0aSelling 101 - What Every Successful Sales Professional Needs to Knowcby Z. Ziglar bMagna Pub. Co.aMumbaic2003 a102 aGeneral